Statystyki dla 25 najludniejszych miast w Argentynie

Kliknij tutaj aby rozwiązać quiz!

Ogólne statystyki

  • Ten quiz został rozwiązany 12 razy
  • Średni wynik to 3 z 25

Statystyki odpowiedzi

Nr.Liczba ludnościMiasto% Poprawnych
1.2,936,877Buenos Aires
100%
2.1,317,298Córdoba
92%
3.1,193,605Rosario
83%
4.643,133La Plata
33%
8.391,164Santa Fe de la Vera Cruz
17%
21.223,898 *Banfield
8%
24.212,152Lanús
8%
12.291,327Bahía Blanca
0%
10.346,334Corrientes
0%
22.222,226Formosa
0%
25.191,299Godoy Cruz
0%
23.216,637 *José C. Paz
0%
5.593,337Mar del Plata
0%
19.244,168 *Merlo
0%
18.231,198Neuquén
0%
17.247,139Paraná
0%
11.296,826Pilar
0%
14.275,028Posadas
0%
20.230,810 *Quilmes
0%
13.290,723Resistencia
0%
7.520,683Salta
0%
6.548,866San Miguel de Tucumán
0%
15.257,970San Salvador de Jujuy
0%
16.252,192Santiago del Estero
0%
9.360,078Vicente López
0%

Rozkład punktacji

Percentyl według liczby udzielonych odpowiedzi

Procent ludzi z każdym wynikiem

Twoja historia wyników

Nie rozwiązałeś tego quizu